| 000 | 01397agaaa2200313 4500 | ||
|---|---|---|---|
| 001 | 9172 | ||
| 003 | IT-RoPAU | ||
| 005 | 20220918181230.0 | ||
| 007 | d cvaizq | ||
| 008 | 50131s9999||||xx ||| | || ||und|| | ||
| 040 |
_aIT-RoPAU _cIT-RoPAU |
||
| 041 | _aITALIANO | ||
| 100 |
_aRohmer Eric _gCodice regista SPICS: 1948 _940346 |
||
| 130 |
_aRACCONTI MORALI 6 _940347 |
||
| 245 |
_aRACCONTI MORALI 6 _cProdotto da: Cottrell Pierre -- Sceneggiatura: Rohmer Eric -- Diretto da: Rohmer Eric _pRACCONTI MORALI 6 (Rif. Codice opera principale : 29172) |
||
| 250 | _aEdizione Standard | ||
| 260 |
_a(FRANCIA) _bFILMS DU LOSANGE / Distribuzione: RAI _g"1972 (1° ed.: 1985 ; Ed. Lingua Orig.: 1972)" |
||
| 300 |
_aVHS _bsonoro, col. |
||
| 508 | _a"Fotografia: Almendros Nestor; Montaggio: Decugis Cecile; Musica: Dzierlatka Arie; Sceneggiatura: Rohmer Eric; Scenografia: Rachline Nicole; " | ||
| 511 | _a"Verley Bernard; Zouzou; Ceccaldi Daniel; Michelino Tina; Randall Suze; Fabian F." | ||
| 520 | _aL'AMORE AL POMERIGGIO | ||
| 538 | _aPAL, STEREO | ||
| 546 | _aITALIANO | ||
| 650 |
_aCOMMEDIA _eFILMS [VHS] _xCodice MATERIA SPICS: 9960 _940348 |
||
| 700 |
_aDzierlatka Arie _e(musica) _gCodice Musica SPICS: 29791 _940349 |
||
| 700 |
_aRohmer Eric _e(regista) _gCodice regista SPICS: 1948 _940350 |
||
| 700 |
_aRohmer Eric _e(soggetto) _gCodice Soggetto SPICS: 1948 _940351 |
||
| 942 |
_cVH _2ddc |
||
| 999 |
_c105251 _d105251 |
||